000 01110nac a22003737a 4500
001 BR0703677
003 BR-BrBNA
005 20240105123433.0
008 230509b bl.|||m| |||| 00| 0 por d
040 _aBR-BrBNA
_bpor
_cBiblioteca Nacional de Agricultura
072 _aJ15; Q60
090 _a5212 BR0703677
100 1 _aPereira, M. de A.
100 1 _aJacinto, M.A.C.
100 1 _aGomes, A.
100 1 _aEvaristo, L.G.S.
110 1 _aEMBRAPA Gado de Corte, Campo Grande, MS (Brasil)
245 1 _aCadeia produtiva do couro bovino: oportunidades e desafios
260 3 _aCampo Grande, MS (Brasil):
_c2005.
300 _a30 p.
490 _aDocumentos - EMBRAPA Gado de Corte (Brazil)
_vno. 153
_xISSN 1517-3747
500 _aSummaries (En, Pt); 30 ref.; 11 illus.
650 _aBOVINO
650 _aCOURO
650 _aCADEIA PRODUTIVA
650 _aMATÉRIA PRIMA
650 _aPECUARISTA
650 _aPRODUÇÃO
650 _aCURTUME
650 _aTRANSPORTE
650 _aCOMERCIALIZAÇÃO
909 _a202312
_bLúcia Elande
_c55
_dLúcia Elande
942 _2AGRIS
_n0
_cMS
999 _c295434
_d295434